Top 30 : Josman - Statistiques

Statistiques générales
  • Ce quiz a été pris 294 fois
  • Le résultat moyen est 16 sur 30
Statistiques - réponses
Top Titres Featuring % Correct
3 XS
90%
2 Intro
89%
1 J'aime Bien!
88%
4 My love Tayc
80%
13 BBL Arma Jackson
73%
14 Brûle Laylow
66%
9 BabyGirl
64%
10 Goal
63%
16 22h22 YG Pablo, Sofiane Pamart
61%
7 Ailleurs
61%
8 Señorita
61%
27 Dernier je t'aime Monsieur Nov
58%
6 Dans le vide
55%
15 MOONROCK
52%
29 AFFRANCHIS SDM
49%
22 L'Œil de la Joconde
49%
23 Loto
49%
12 Peace, Haine, Love
48%
5 Au Bout
44%
24 Albiceleste Jazzy Bazz
41%
17 Petite Bulle
40%
26 SEC
39%
20 Lifestyle
37%
25 Mort Ce soir
37%
18 La Plaie
33%
28 AhGars!
32%
11 Un Zder, Un Thé
31%
19 J’allume
26%
30 V&V
22%
21 OK (Interlude)
14%
Aucun quiz correspondant
Distribution des résultats
% des personnes avec chaque résultat
Percentile par nombre de réponses
Votre historique - résultats
Vous n’avez pas pris ce quiz